[Event "Tancats Societat Coral Colon 2009 - MI"]
[Site "Sabadell ESP"]
[Date "2009.01.23"]
[Round "1.1"]
[White "Pares Vives, Natalia"]
[Black "Gonzalez Rodriguez, Jorge A"]
[Result "0-1"]
[WhiteElo "2288"]
[BlackElo "2407"]
[PlyCount "100"]
[EventDate "2009.01.23"]
[EventType "tourn"]
[EventRounds "9"]
[EventCountry "ESP"]
[EventCategory "2"]
[Source "lmi"]
[SourceDate "2009.01.23"]

1. d4 Nf6 2. Nf3 b5 3. g3 Bb7 4. Bg2 e6 5. O-O c5 6. c3 d5 7. a4 b4 8. a5 a6 9.
dxc5 Bxc5 10. cxb4 Be7 11. Ne5 O-O 12. Qa4 Bd6 13. Bf4 g5 14. Nxf7 Rxf7 15.
Bxg5 Bc6 16. Qb3 Nbd7 17. Na3 Rb8 18. Qc3 Ba8 19. Nc2 Rc8 20. Qd2 e5 21. Ne3 e4
22. Bh3 Rb8 23. Be6 Bxb4 24. Qc2 Qe8 25. Bxf7+ Qxf7 26. Qc7 Ne8 27. Qa7 Qe6 28.
Rfc1 Nd6 29. Qd4 Nf7 30. Bf4 Nde5 31. Rc7 Bd6 32. Rac1 Bxc7 33. Rxc7 Re8 34.
Bxe5 Nxe5 35. Nc4 Nf7 36. Nb6 Bc6 37. Qc5 Bb5 38. Rc8 Rxc8 39. Nxc8 Bxe2 40.
Ne7+ Kg7 41. Nxd5 Qe5 42. Qc3 Qxc3 43. Nxc3 Bd3 44. b4 Ne5 45. f4 exf3 46. h3
Nc6 47. Kf2 Be2 48. Nd5 Kf7 49. b5 Bxb5 50. Kxf3 Nxa5 0-1

[Event "Tancats Societat Coral Colon 2009 - MI"]
[Site "Sabadell ESP"]
[Date "2009.01.23"]
[Round "1.2"]
[White "Gonzalez, Raul Omar"]
[Black "Burgos Figueroa, Carlos E"]
[Result "0-1"]
[WhiteElo "2343"]
[BlackElo "2263"]
[PlyCount "210"]
[EventDate "2009.01.23"]
[EventType "tourn"]
[EventRounds "9"]
[EventCountry "ESP"]
[EventCategory "2"]
[Source "lmi"]
[SourceDate "2009.01.23"]

1. Nf3 g6 2. g3 Bg7 3. d4 b6 4. Bg2 Bb7 5. O-O d6 6. c4 e6 7. Nc3 Nd7 8. e4 Ne7
9. Be3 h6 10. Rc1 O-O 11. Qd2 Kh7 12. Ne1 Rb8 13. Nd3 e5 14. d5 f5 15. f3 fxe4
16. fxe4 Nf6 17. Nf2 Bc8 18. b4 a6 19. c5 bxc5 20. bxc5 Neg8 21. c6 h5 22. Rb1
Ra8 23. Nh3 Bxh3 24. Bxh3 Ng4 25. Rxf8 Qxf8 26. Bxg4 hxg4 27. Rf1 Qe7 28. Qe2
Bh6 29. Nd1 Nf6 30. Bxh6 Kxh6 31. Nf2 Rf8 32. Nxg4+ Nxg4 33. Rxf8 Qxf8 34. Qxg4
Qb8 35. Qe2 Qb1+ 36. Kg2 a5 37. a4 Qc1 38. Kf3 Kg7 39. Qd3 Qh1+ 40. Ke2 Qxh2+
41. Kd1 Qg1+ 42. Ke2 Qg2+ 43. Kd1 Kf6 44. Qe3 Qa2 45. g4 Qxa4+ 46. Ke1 Qb4+ 47.
Kf1 a4 48. g5+ Kg7 49. Kg2 Qb2+ 50. Kh1 a3 51. Qa7 Qc1+ 52. Kh2 Qf4+ 53. Kh3
Qf3+ 54. Kh2 Qh5+ 55. Kg1 Qxg5+ 56. Kh1 a2 57. Qxa2 Qh4+ 58. Kg1 Qxe4 59. Kh2
Qf4+ 60. Kg2 g5 61. Qa7 Qf7 62. Qa5 Kg6 63. Kg1 g4 64. Qd2 g3 65. Qd3+ Qf5 66.
Qf3 e4 67. Qxg3+ Qg5 68. Kh1 Kh5 69. Qc3 Qxd5 70. Qh8+ Kg4 71. Qg7+ Kf3 72.
Qf6+ Ke2 73. Qb2+ Ke3 74. Qc3+ Kf4 75. Qf6+ Qf5 76. Qh6+ Qg5 77. Qh2+ Kf3 78.
Qh3+ Qg3 79. Qf5+ Qf4 80. Qh3+ Ke2 81. Qg2+ Ke1 82. Qg7 d5 83. Qg3+ Qf2 84.
Qc3+ Kf1 85. Qh3+ Ke1 86. Qc3+ Qd2 87. Qg3+ Kd1 88. Qb3+ Ke2 89. Qb5+ Kf3 90.
Qf1+ Ke3 91. Qg1+ Kd3 92. Qb1+ Kc4 93. Qf1+ Kc5 94. Qf2+ e3 95. Qf8+ Kxc6 96.
Qe8+ Kc5 97. Qe7+ Kd4 98. Qh4+ Kc3 99. Qh8+ Qd4 100. Qd8 e2 101. Qxc7+ Kd3 102.
Qg3+ Qe3 103. Qe1 Qf3+ 104. Kh2 Qf4+ 105. Kh3 Qf1+ 0-1

[Event "Tancats Societat Coral Colon 2009 - MI"]
[Site "Sabadell ESP"]
[Date "2009.01.23"]
[Round "1.3"]
[White "Ryan, Joseph"]
[Black "Tallo Dominguez, Imar"]
[Result "1-0"]
[WhiteElo "2281"]
[BlackElo "2087"]
[PlyCount "47"]
[EventDate "2009.01.23"]
[EventType "tourn"]
[EventRounds "9"]
[EventCountry "ESP"]
[EventCategory "2"]
[Source "lmi"]
[SourceDate "2009.01.23"]

1. e4 c5 2. Nc3 a6 3. g3 b5 4. Bg2 Bb7 5. Nge2 e6 6. d4 cxd4 7. Nxd4 Nf6 8. O-O
d6 9. Re1 Qc7 10. a4 bxa4 11. Nd5 exd5 12. exd5+ Kd8 13. Bg5 Qd7 14. Bxf6+ gxf6
15. Qf3 Rg8 16. Nc6+ Kc7 17. Rxa4 Nxc6 18. dxc6 Bxc6 19. Rc4 d5 20. Qxd5 Qxd5
21. Bxd5 Kd6 22. Bxc6 Rc8 23. Rd1+ Kc7 24. Bd7+ 1-0

[Event "Tancats Societat Coral Colon 2009 - MI"]
[Site "Sabadell ESP"]
[Date "2009.01.23"]
[Round "1.4"]
[White "Avila Jimenez, Javier"]
[Black "Mellado Trivino, Juan"]
[Result "0-1"]
[WhiteElo "2221"]
[BlackElo "2436"]
[PlyCount "76"]
[EventDate "2009.01.23"]
[EventType "tourn"]
[EventRounds "9"]
[EventCountry "ESP"]
[EventCategory "2"]
[Source "lmi"]
[SourceDate "2009.01.23"]

1. d4 f5 2. c4 Nf6 3. Nc3 g6 4. Bg5 Bg7 5. h4 c5 6. d5 d6 7. Qc2 Nbd7 8. Nf3
O-O 9. e3 h6 10. Bf4 Ng4 11. Be2 Ndf6 12. Nd2 a6 13. f3 Ne5 14. Bxe5 dxe5 15.
O-O-O Bd7 16. g4 b5 17. gxf5 gxf5 18. Bd3 b4 19. Ne2 e4 20. fxe4 Ng4 21. Rdg1
Nxe3 22. Rxg7+ Kxg7 23. Qb3 f4 24. Bb1 Qc7 25. Nf3 Bg4 26. Rg1 Kh8 27. e5 e6
28. d6 Qb7 29. Qd3 Bf5 30. Qd2 Qxf3 31. Bxf5 Rxf5 32. b3 Rf7 33. Rg6 Qh1+ 34.
Kb2 Nd1+ 35. Kc2 Qe4+ 36. Qd3 Qxd3+ 37. Kxd3 f3 38. Ng3 Rg8 0-1

[Event "Tancats Societat Coral Colon 2009 - MI"]
[Site "Sabadell ESP"]
[Date "2009.01.23"]
[Round "1.5"]
[White "Gual Pascual, Antonio"]
[Black "Dickl, Errol"]
[Result "1-0"]
[WhiteElo "2447"]
[BlackElo "2197"]
[PlyCount "65"]
[EventDate "2009.01.23"]
[EventType "tourn"]
[EventRounds "9"]
[EventCountry "ESP"]
[EventCategory "2"]
[Source "lmi"]
[SourceDate "2009.01.23"]

1. d4 Nf6 2. c4 e6 3. Nf3 Bb4+ 4. Nbd2 O-O 5. a3 Be7 6. e4 d6 7. Bd3 c5 8. d5
e5 9. Nf1 a6 10. a4 a5 11. h3 Na6 12. g4 Nb4 13. Ng3 Ne8 14. Ke2 Nxd3 15. Qxd3
Nc7 16. Be3 Re8 17. Rag1 Bf8 18. Nd2 Na6 19. Nb1 Bd7 20. Nc3 Nb4 21. Qd2 g6 22.
f3 Bg7 23. h4 f6 24. Kf2 Rf8 25. Rh2 Rf7 26. Kg2 Qe8 27. b3 Ra6 28. Kh1 Qd8 29.
Rhg2 Qf8 30. Rh2 Qd8 31. Rh3 Qf8 32. h5 g5 33. h6 1-0

[Event "Tancats Societat Coral Colon 2009 - MI"]
[Site "Sabadell ESP"]
[Date "2009.01.30"]
[Round "2.1"]
[White "Gonzalez Rodriguez, Jorge A"]
[Black "Dickl, Errol"]
[Result "1-0"]
[WhiteElo "2407"]
[BlackElo "2197"]
[PlyCount "91"]
[EventDate "2009.01.23"]
[EventType "tourn"]
[EventRounds "9"]
[EventCountry "ESP"]
[EventCategory "2"]
[Source "lmi"]
[SourceDate "2009.01.23"]

1. b3 Nf6 2. Bb2 g6 3. Bxf6 exf6 4. c4 d5 5. cxd5 Qxd5 6. Nc3 Qa5 7. g3 f5 8.
e3 Bg7 9. Nge2 O-O 10. Bg2 Rd8 11. O-O Na6 12. a3 c5 13. b4 Qb6 14. bxc5 Nxc5
15. d4 Qa6 16. Qb1 Ne4 17. Nxe4 fxe4 18. Nf4 f5 19. Qb3+ Kh8 20. Rfc1 Qd6 21.
h4 b6 22. Bf1 Bd7 23. Ba6 h6 24. a4 g5 25. hxg5 hxg5 26. Nh5 Be6 27. Bc4 Bxc4
28. Qxc4 f4 29. Qc6 fxe3 30. fxe3 Qd7 31. Qxd7 Rxd7 32. Rc6 Rf8 33. Re6 Rf3 34.
Rxe4 Rdf7 35. Kg2 Bf8 36. Kh3 Bb4 37. Kg4 Bd2 38. Re8+ Kh7 39. e4 Re3 40. Rh1
Rff3 41. e5 Kg6 42. Re6+ Kf7 43. Rf6+ Rxf6 44. Nxf6 Bc3 45. Nd5 Re4+ 46. Kf5
1-0

[Event "Tancats Societat Coral Colon 2009 - MI"]
[Site "Sabadell ESP"]
[Date "2009.01.30"]
[Round "2.2"]
[White "Mellado Trivino, Juan"]
[Black "Gual Pascual, Antonio"]
[Result "1/2-1/2"]
[WhiteElo "2436"]
[BlackElo "2447"]
[PlyCount "36"]
[EventDate "2009.01.23"]
[EventType "tourn"]
[EventRounds "9"]
[EventCountry "ESP"]
[EventCategory "2"]
[Source "lmi"]
[SourceDate "2009.01.23"]

1. d4 d5 2. c4 c6 3. cxd5 cxd5 4. Nc3 Nf6 5. Nf3 Nc6 6. Bf4 Bf5 7. e3 e6 8. Bd3
Bxd3 9. Qxd3 Bd6 10. Bxd6 Qxd6 11. O-O O-O 12. Rac1 Rfc8 13. a3 a6 14. h3 Ne7
15. Ne5 h6 16. Na4 Rxc1 17. Rxc1 Rc8 18. Rxc8+ Nxc8 1/2-1/2

[Event "Tancats Societat Coral Colon 2009 - MI"]
[Site "Sabadell ESP"]
[Date "2009.01.30"]
[Round "2.3"]
[White "Tallo Dominguez, Imar"]
[Black "Avila Jimenez, Javier"]
[Result "0-1"]
[WhiteElo "2087"]
[BlackElo "2221"]
[PlyCount "142"]
[EventDate "2009.01.23"]
[EventType "tourn"]
[EventRounds "9"]
[EventCountry "ESP"]
[EventCategory "2"]
[Source "lmi"]
[SourceDate "2009.01.23"]

1. e4 d5 2. exd5 Qxd5 3. Nc3 Qa5 4. d4 Nf6 5. Nf3 c6 6. Bc4 Bf5 7. Bd2 e6 8.
Nd5 Qd8 9. Nxf6+ gxf6 10. c3 Nd7 11. Qe2 Qc7 12. Nh4 Bg6 13. O-O-O O-O-O 14. g3
Bd6 15. Nxg6 hxg6 16. h4 Nb6 17. Bb3 c5 18. dxc5 Bxc5 19. Bf4 Qc6 20. Kb1 Nd5
21. Bc1 f5 22. Bg5 Rd7 23. Rhe1 Nb6 24. f3 Rxd1+ 25. Rxd1 Nd7 26. Rd3 Bb6 27.
Qd1 Ne5 28. Ba4 Qc5 29. Be3 Qc4 30. Bxb6 Qxd3+ 31. Qxd3 Nxd3 32. Be3 Kc7 33.
Bb5 Ne1 34. Be2 e5 35. Bf2 Ng2 36. Bf1 Nxh4 37. gxh4 g5 38. Kc2 gxh4 39. Bh3
Kd6 40. Kd3 Ke6 41. Ke2 Kf6 42. c4 Kg5 43. Be3+ f4 44. Bf2 f5 45. c5 e4 46. b4
Rd8 47. Bg2 e3 48. Be1 Rd5 49. Bc3 a5 50. a3 axb4 51. axb4 Rd8 52. b5 Ra8 53.
Be1 Ra2+ 54. Kf1 Ra1 55. c6 bxc6 56. bxc6 Rc1 57. c7 Rxc7 58. Bh3 Rc1 59. Bg2
Rb1 60. Ke2 Rb2+ 61. Kf1 Ra2 62. Kg1 Ra1 63. Kf1 Rb1 64. Ke2 Rc1 65. Kf1 Kf6
66. Ke2 Ke5 67. Kf1 Rd1 68. Bh3 Rc1 69. Ke2 Rc2+ 70. Kf1 Rh2 71. Bc3+ Ke6 0-1

[Event "Tancats Societat Coral Colon 2009 - MI"]
[Site "Sabadell ESP"]
[Date "2009.01.30"]
[Round "2.4"]
[White "Burgos Figueroa, Carlos E"]
[Black "Ryan, Joseph"]
[Result "0-1"]
[WhiteElo "2263"]
[BlackElo "2281"]
[PlyCount "102"]
[EventDate "2009.01.23"]
[EventType "tourn"]
[EventRounds "9"]
[EventCountry "ESP"]
[EventCategory "2"]
[Source "lmi"]
[SourceDate "2009.01.23"]

1. e4 c5 2. Nf3 g6 3. g3 Bg7 4. Bg2 Nc6 5. O-O d6 6. d3 e5 7. Be3 Nge7 8. c3
O-O 9. d4 exd4 10. cxd4 Bg4 11. dxc5 dxc5 12. Nc3 Qxd1 13. Rfxd1 Nd4 14. Bxd4
Bxd4 15. h3 Bxf3 16. Bxf3 Rad8 17. Nd5 Nxd5 18. exd5 b6 19. Rd2 Rfe8 20. Kf1
Kf8 21. Rad1 Ke7 22. Re1+ Kd6 23. Rxe8 Rxe8 24. b3 Re5 25. Re2 b5 26. Rxe5 Kxe5
27. Be2 a6 28. a4 c4 29. bxc4 bxa4 30. Bd1 a3 31. Bb3 Kd6 32. Ke2 Kc5 33. Ba2
f5 34. f3 Be5 35. g4 Kd4 36. Kd2 Bd6 37. Kc2 Ke3 38. Kc3 Bc5 39. gxf5 gxf5 40.
Bb1 a2 41. Bxa2 Kxf3 42. Bb1 Kf4 43. d6 Bxd6 44. Kd4 Kg5 45. Kd5 Bb8 46. Ke6 f4
47. Bxh7 f3 48. Bd3 a5 49. c5 a4 50. Kd5 a3 51. Bc4 f2 0-1

[Event "Tancats Societat Coral Colon 2009 - MI"]
[Site "Sabadell ESP"]
[Date "2009.01.30"]
[Round "2.5"]
[White "Pares Vives, Natalia"]
[Black "Gonzalez, Raul Omar"]
[Result "1-0"]
[WhiteElo "2288"]
[BlackElo "2343"]
[PlyCount "96"]
[EventDate "2009.01.23"]
[EventType "tourn"]
[EventRounds "9"]
[EventCountry "ESP"]
[EventCategory "2"]
[Source "lmi"]
[SourceDate "2009.01.23"]

1. Nf3 Nf6 2. c4 g6 3. b3 Bg7 4. Bb2 d6 5. g3 O-O 6. Bg2 Nc6 7. O-O e5 8. d3
Re8 9. Nc3 h6 10. a3 Bd7 11. Nd2 Qc8 12. Nd5 Nh7 13. Rc1 Nd4 14. e3 Ne6 15. f4
Nc5 16. Ne4 Nxe4 17. dxe4 c6 18. Nc3 exf4 19. exf4 Qc7 20. Kh1 Rad8 21. Qd3 Bc8
22. Na4 Bxb2 23. Nxb2 Qa5 24. b4 Qh5 25. Qd4 Bh3 26. Bxh3 Qxh3 27. Nd3 c5 28.
Qc3 Qe6 29. Rfe1 Nf6 30. Nf2 Ng4 31. Nxg4 Qxg4 32. Kg2 Rd7 33. h3 Qe6 34. b5
Rde7 35. g4 a6 36. bxa6 bxa6 37. Rb1 Qd7 38. Qd3 Re6 39. f5 Re5 40. Rb6 gxf5
41. gxf5 Rd8 42. Kf3 Qe7 43. Rg1+ Kh7 44. Rg4 a5 45. Rb1 Qf6 46. Rbg1 Rde8 47.
Qd2 Kh8 48. Qg2 Rxf5+ 1-0

[Event "Tancats Societat Coral Colon 2009 - MI"]
[Site "Sabadell ESP"]
[Date "2009.02.06"]
[Round "3.1"]
[White "Gonzalez, Raul Omar"]
[Black "Gonzalez Rodriguez, Jorge A"]
[Result "0-1"]
[WhiteElo "2343"]
[BlackElo "2407"]
[PlyCount "86"]
[EventDate "2009.01.23"]
[EventType "tourn"]
[EventRounds "9"]
[EventCountry "ESP"]
[EventCategory "2"]
[Source "lmi"]
[SourceDate "2009.01.23"]

1. d4 Nf6 2. Nf3 e6 3. Bg5 d5 4. Nbd2 Be7 5. e3 b6 6. c3 Bb7 7. Bb5+ Nfd7 8.
Bf4 O-O 9. O-O c5 10. Bd3 f5 11. h3 Nc6 12. Re1 c4 13. Bc2 b5 14. Nf1 b4 15. g4
g6 16. gxf5 exf5 17. Bh6 Re8 18. Ng3 Nf6 19. Ng5 Ne4 20. N3xe4 dxe4 21. f4 exf3
22. Nxf3 Bd6 23. e4 fxe4 24. Rxe4 Ne7 25. Rg4 bxc3 26. bxc3 Qa5 27. Qe2 Nf5 28.
Qxc4+ Bd5 29. Qd3 Bxf3 30. Qxf3 Nxh6 31. Qf6 Qc7 32. Bb3+ Nf7 33. Rf1 Re7 34.
Rg2 Rf8 35. Rf3 Ba3 36. Rxg6+ hxg6 37. Qxg6+ Kh8 38. Qf6+ Kg8 39. Qg6+ Kh8 40.
Rf5 Re1+ 41. Kg2 Re2+ 42. Kf1 Qe7 43. Rh5+ Nh6+ 0-1

[Event "Tancats Societat Coral Colon 2009 - MI"]
[Site "Sabadell ESP"]
[Date "2009.02.06"]
[Round "3.2"]
[White "Ryan, Joseph"]
[Black "Pares Vives, Natalia"]
[Result "1-0"]
[WhiteElo "2281"]
[BlackElo "2288"]
[PlyCount "49"]
[EventDate "2009.01.23"]
[EventType "tourn"]
[EventRounds "9"]
[EventCountry "ESP"]
[EventCategory "2"]
[Source "lmi"]
[SourceDate "2009.01.23"]

1. e4 e6 2. d4 d5 3. Nc3 Bb4 4. e5 Qd7 5. a3 Bxc3+ 6. bxc3 b6 7. Qg4 f5 8. Qg3
Ba6 9. Bxa6 Nxa6 10. Ne2 O-O-O 11. a4 Nb8 12. a5 Nc6 13. axb6 cxb6 14. O-O Qf7
15. Qd3 Nge7 16. c4 dxc4 17. Qxc4 Kb8 18. Ba3 Rc8 19. Bd6+ Ka8 20. Qb5 Na5 21.
Qd7 Rhe8 22. Nf4 Qg8 23. Nxe6 Nd5 24. Rxa5 bxa5 25. Nc5 1-0

[Event "Tancats Societat Coral Colon 2009 - MI"]
[Site "Sabadell ESP"]
[Date "2009.02.06"]
[Round "3.4"]
[White "Gual Pascual, Antonio"]
[Black "Tallo Dominguez, Imar"]
[Result "1-0"]
[WhiteElo "2447"]
[BlackElo "2087"]
[PlyCount "111"]
[EventDate "2009.01.23"]
[EventType "tourn"]
[EventRounds "9"]
[EventCountry "ESP"]
[EventCategory "2"]
[Source "lmi"]
[SourceDate "2009.01.23"]

1. d4 Nf6 2. c4 e6 3. Nf3 Bb4+ 4. Nbd2 b6 5. a3 Bxd2+ 6. Qxd2 Bb7 7. e3 O-O 8.
b4 d6 9. Bb2 Nbd7 10. Be2 Ne4 11. Qc2 f5 12. d5 e5 13. Bd3 b5 14. cxb5 Bxd5 15.
Rc1 Rf7 16. Qxc7 Qxc7 17. Rxc7 Ndc5 18. Rxc5 dxc5 19. Nxe5 Rc7 20. f3 Nd6 21.
bxc5 Rxc5 22. O-O Rd8 23. Bd4 Rc7 24. b6 Re7 25. bxa7 Nf7 26. Nxf7 Rxf7 27. Rd1
g6 28. Bb6 Rc8 29. Ba6 Bb3 30. Rd8+ Rxd8 31. Bxd8 Bd5 32. Bc4 Rxa7 33. Bxd5+
Kg7 34. Bb6 Rxa3 35. Bd4+ Kh6 36. Kf2 g5 37. g4 fxg4 38. fxg4 Kg6 39. Be4+ Kh6
40. Bd5 Kg6 41. Bc5 Ra5 42. Be4+ Kg7 43. Bd4+ Kh6 44. Bf5 Ra2+ 45. Kf3 Rxh2 46.
Ke4 Ra2 47. Ke5 Ra5+ 48. Kf6 Ra6+ 49. Be6 Ra8 50. Bc5 Rg8 51. Kf7 Rg7+ 52. Ke8
Kg6 53. e4 h5 54. Bf5+ Kh6 55. Bf8 h4 56. e5 1-0

[Event "Tancats Societat Coral Colon 2009 - MI"]
[Site "Sabadell ESP"]
[Date "2009.02.06"]
[Round "3.5"]
[White "Dickl, Errol"]
[Black "Mellado Trivino, Juan"]
[Result "1/2-1/2"]
[WhiteElo "2197"]
[BlackElo "2436"]
[PlyCount "46"]
[EventDate "2009.01.23"]
[EventType "tourn"]
[EventRounds "9"]
[EventCountry "ESP"]
[EventCategory "2"]
[Source "lmi"]
[SourceDate "2009.01.23"]

1. e4 e5 2. Bc4 Nf6 3. Nc3 Bb4 4. Qf3 Nc6 5. Nge2 O-O 6. O-O d6 7. Nd5 Nxd5 8.
Bxd5 Ba5 9. c3 Be6 10. d4 exd4 11. Bxc6 bxc6 12. Nxd4 Qd7 13. e5 Bd5 14. Qg3
Rae8 15. exd6 cxd6 16. Bf4 Bc7 17. Rfd1 Re4 18. f3 Re7 19. b3 f6 20. c4 Bf7 21.
c5 dxc5 22. Bxc7 cxd4 23. Bd6 Rd8 1/2-1/2

[Event "Tancats Societat Coral Colon 2009 - MI"]
[Site "Sabadell ESP"]
[Date "2009.02.13"]
[Round "4.1"]
[White "Gonzalez Rodriguez, Jorge A"]
[Black "Mellado Trivino, Juan"]
[Result "1/2-1/2"]
[WhiteElo "2407"]
[BlackElo "2436"]
[PlyCount "21"]
[EventDate "2009.01.23"]
[EventType "tourn"]
[EventRounds "9"]
[EventCountry "ESP"]
[EventCategory "2"]
[Source "lmi"]
[SourceDate "2009.01.23"]

1. b3 e5 2. Bb2 Nc6 3. e3 Nf6 4. Bb5 Bd6 5. Bxc6 dxc6 6. d3 O-O 7. e4 Qe7 8.
Ne2 Bg4 9. Nd2 Nh5 10. f3 Be6 11. O-O 1/2-1/2

[Event "Tancats Societat Coral Colon 2009 - MI"]
[Site "Sabadell ESP"]
[Date "2009.02.13"]
[Round "4.2"]
[White "Tallo Dominguez, Imar"]
[Black "Dickl, Errol"]
[Result "1-0"]
[WhiteElo "2087"]
[BlackElo "2197"]
[PlyCount "45"]
[EventDate "2009.01.23"]
[EventType "tourn"]
[EventRounds "9"]
[EventCountry "ESP"]
[EventCategory "2"]
[Source "lmi"]
[SourceDate "2009.01.23"]

1. e4 c5 2. Nf3 e6 3. d4 cxd4 4. Nxd4 Qb6 5. Be3 Bc5 6. Nc3 Nc6 7. Ndb5 Bxe3 8.
fxe3 a6 9. Nd6+ Ke7 10. Qd2 Nf6 11. Rd1 Rd8 12. Be2 Ne8 13. O-O Ne5 14. Nc4
Nxc4 15. Bxc4 d6 16. Nd5+ exd5 17. Rxf7+ Kxf7 18. Qxd5+ Kg6 19. Qf7+ Kh6 20.
Qf4+ g5 21. Qf8+ Ng7 22. Qf6+ Kh5 23. Bf7+ 1-0

[Event "Tancats Societat Coral Colon 2009 - MI"]
[Site "Sabadell ESP"]
[Date "2009.02.13"]
[Round "4.3"]
[White "Burgos Figueroa, Carlos E"]
[Black "Gual Pascual, Antonio"]
[Result "1-0"]
[WhiteElo "2263"]
[BlackElo "2447"]
[PlyCount "83"]
[EventDate "2009.01.23"]
[EventType "tourn"]
[EventRounds "9"]
[EventCountry "ESP"]
[EventCategory "2"]
[Source "lmi"]
[SourceDate "2009.01.23"]

1. e4 e6 2. d4 d5 3. exd5 exd5 4. Nc3 Bb4 5. Bd3 Nc6 6. Nge2 Nf6 7. Bg5 h6 8.
Bh4 O-O 9. Qd2 Re8 10. a3 Bxc3 11. Qxc3 g5 12. Bg3 Ne4 13. Bxe4 Rxe4 14. f3 Re6
15. Kd2 b6 16. Rae1 Qf6 17. Nc1 Na5 18. Nd3 c5 19. dxc5 Nc4+ 20. Kc1 Qxc3 21.
bxc3 Nxa3 22. Nb4 bxc5 23. Nxd5 Rxe1+ 24. Rxe1 Be6 25. Nf6+ Kg7 26. Be5 Kg6 27.
Ne4 Rc8 28. Bd6 Bf5 29. Bxc5 Nxc2 30. Kxc2 Rxc5 31. Ra1 a5 32. Kd3 Rd5+ 33. Ke3
Rb5 34. c4 Rb3+ 35. Kd4 Rb2 36. Rxa5 Rxg2 37. c5 Rxh2 38. c6 Rc2 39. Nc5 Rd2+
40. Ke3 Rd5 41. c7 Kg7 42. Ne6+ 1-0

[Event "Tancats Societat Coral Colon 2009 - MI"]
[Site "Sabadell ESP"]
[Date "2009.02.13"]
[Round "4.5"]
[White "Gonzalez, Raul Omar"]
[Black "Ryan, Joseph"]
[Result "1/2-1/2"]
[WhiteElo "2343"]
[BlackElo "2281"]
[PlyCount "78"]
[EventDate "2009.01.23"]
[EventType "tourn"]
[EventRounds "9"]
[EventCountry "ESP"]
[EventCategory "2"]
[Source "lmi"]
[SourceDate "2009.01.23"]

1. d4 d5 2. Nf3 Nf6 3. c3 c5 4. dxc5 e6 5. b4 a5 6. Nbd2 b6 7. cxb6 axb4 8. Bb2
Nbd7 9. e3 bxc3 10. Bxc3 Qxb6 11. a4 Be7 12. Bb5 O-O 13. O-O Ba6 14. Qe2 Rfc8
15. Bd4 Bc5 16. Rfb1 Bxb5 17. Rxb5 Qa6 18. h3 Bxd4 19. Nxd4 Nb6 20. a5 Nc4 21.
Nxc4 dxc4 22. Rc1 c3 23. Rxc3 Rxc3 24. Rb8+ Rc8 25. Qxa6 Rcxb8 26. Qd6 Rb1+ 27.
Kh2 h5 28. Nc6 Ra1 29. Qc7 Nd5 30. Qb7 R8xa5 31. Nxa5 Rxa5 32. Qd7 Ra8 33. Qc6
Rd8 34. Qc5 Nf6 35. Qc2 Rd5 36. Qc8+ Kh7 37. Qc2+ Kg8 38. Qc8+ Kh7 39. Qc2+ Kg8
1/2-1/2

[Event "Tancats Societat Coral Colon 2009 - MI"]
[Site "Sabadell ESP"]
[Date "2009.02.20"]
[Round "5.1"]
[White "Ryan, Joseph"]
[Black "Gonzalez Rodriguez, Jorge A"]
[Result "0-1"]
[WhiteElo "2281"]
[BlackElo "2407"]
[PlyCount "126"]
[EventDate "2009.01.23"]
[EventType "tourn"]
[EventRounds "9"]
[EventCountry "ESP"]
[EventCategory "2"]
[Source "lmi"]
[SourceDate "2009.01.23"]

1. e4 c6 2. d4 d5 3. Nc3 g6 4. h3 Bg7 5. Nf3 dxe4 6. Nxe4 Nd7 7. Bc4 Ndf6 8.
Nxf6+ exf6 9. O-O Ne7 10. c3 Be6 11. Bxe6 fxe6 12. Qb3 Qd7 13. Bf4 Kf7 14. Rfe1
Rhe8 15. c4 b5 16. Rac1 Rac8 17. Rc2 bxc4 18. Rxc4 Nd5 19. Bd2 Rb8 20. Qc2 Rec8
21. Rc1 Bf8 22. b3 Ba3 23. Rb1 Nb6 24. Rc3 Qd5 25. Re3 Re8 26. Rc3 Rbc8 27. Rd1
Red8 28. Bc1 Bb4 29. Rcd3 a5 30. a3 Bf8 31. Nd2 a4 32. bxa4 c5 33. Nf3 c4 34.
Rc3 Qc6 35. Nd2 Rxd4 36. Nf3 Rxd1+ 37. Qxd1 Nd5 38. Rc2 Qxa4 39. Nd4 Qd7 40.
Ne2 Qc6 41. Nd4 Qb7 42. Rb2 Qa6 43. Ne2 c3 44. Rc2 Qa4 45. Qd3 Qc4 46. Qxc4
Rxc4 47. Kf1 e5 48. Ke1 Bc5 49. f3 Ke6 50. Kd1 f5 51. Ra2 Ra4 52. Ra1 Bd4 53.
Kc2 Kd6 54. Kb3 Ra8 55. a4 Rb8+ 56. Kc4 Rc8+ 57. Kb5 Nc7+ 58. Kc4 Ne6+ 59. Kb5
Kd5 60. a5 Rb8+ 61. Ka4 Nc5+ 62. Ka3 Kc4 63. Bg5 Rb4 0-1

[Event "Tancats Societat Coral Colon 2009 - MI"]
[Site "Sabadell ESP"]
[Date "2009.02.20"]
[Round "5.2"]
[White "Avila Jimenez, Javier"]
[Black "Gonzalez, Raul Omar"]
[Result "0-1"]
[WhiteElo "2221"]
[BlackElo "2343"]
[PlyCount "78"]
[EventDate "2009.01.23"]
[EventType "tourn"]
[EventRounds "9"]
[EventCountry "ESP"]
[EventCategory "2"]
[Source "lmi"]
[SourceDate "2009.01.23"]

1. d4 f5 2. c4 e6 3. g4 fxg4 4. e4 Qh4 5. Bf4 Bb4+ 6. Nc3 Nf6 7. Bd3 Nh5 8. Be3
e5 9. Qd2 exd4 10. Bxd4 Nc6 11. Be3 Qf6 12. Nge2 Ne5 13. O-O-O c6 14. h3 d6 15.
hxg4 Bxg4 16. f4 Nxd3+ 17. Qxd3 Bxc3 18. Nxc3 O-O-O 19. Rdf1 Qf7 20. Bxa7 Be6
21. b3 Nxf4 22. Qg3 Nh5 23. Qg5 Nf6 24. Bb6 Bxc4 25. bxc4 Qxc4 26. Qa5 Rde8 27.
Kb2 Kd7 28. Rhg1 Rhg8 29. Qa7 Ke6 30. Rf4 Ra8 31. Qxb7 Rgb8 32. Qc7 Qb4+ 33.
Kc2 Qxb6 34. Qxg7 Qd4 35. Rxf6+ Qxf6 36. Qg4+ Ke7 37. Kd3 Rg8 38. Qd1 Ra3 39.
e5 Qxe5 0-1

[Event "Tancats Societat Coral Colon 2009 - MI"]
[Site "Sabadell ESP"]
[Date "2009.02.20"]
[Round "5.3"]
[White "Gual Pascual, Antonio"]
[Black "Pares Vives, Natalia"]
[Result "1-0"]
[WhiteElo "2447"]
[BlackElo "2288"]
[PlyCount "63"]
[EventDate "2009.01.23"]
[EventType "tourn"]
[EventRounds "9"]
[EventCountry "ESP"]
[EventCategory "2"]
[Source "lmi"]
[SourceDate "2009.01.23"]

1. d4 c5 2. d5 Nf6 3. c4 g6 4. Nc3 d6 5. Nf3 Bg7 6. Bg5 h6 7. Bh4 O-O 8. e3 a6
9. Nd2 e6 10. a4 exd5 11. cxd5 Nbd7 12. Be2 Re8 13. O-O Qc7 14. h3 b6 15. Bg3
Rb8 16. Rc1 Re7 17. b4 Ne8 18. a5 Bxc3 19. Rxc3 bxa5 20. bxc5 Nxc5 21. Qa1 Bf5
22. Rfc1 Qb6 23. Rxc5 dxc5 24. Bxb8 Qxb8 25. Rxc5 Rb7 26. Rxa5 Nc7 27. d6 Ne8
28. Rxa6 Bd7 29. Ra8 Qxd6 30. Ne4 Qc6 31. Nf6+ Kf8 32. Nxe8 1-0

[Event "Tancats Societat Coral Colon 2009 - MI"]
[Site "Sabadell ESP"]
[Date "2009.02.20"]
[Round "5.4"]
[White "Dickl, Errol"]
[Black "Burgos Figueroa, Carlos E"]
[Result "0-1"]
[WhiteElo "2197"]
[BlackElo "2263"]
[PlyCount "78"]
[EventDate "2009.01.23"]
[EventType "tourn"]
[EventRounds "9"]
[EventCountry "ESP"]
[EventCategory "2"]
[Source "lmi"]
[SourceDate "2009.01.23"]

1. e4 g6 2. d4 Bg7 3. c3 d6 4. Be3 Nd7 5. Nd2 e5 6. d5 Ne7 7. g4 O-O 8. h4 f5
9. f3 Nf6 10. Bh3 fxg4 11. fxg4 Nfxd5 12. exd5 Nxd5 13. Bg5 Bf6 14. Ne4 Be6 15.
Nf3 Be7 16. h5 Rxf3 17. Qxf3 Bxg5 18. hxg6 hxg6 19. Bf1 Nf4 20. O-O-O d5 21.
Kc2 Qe7 22. Nf2 e4 23. Qg3 Rf8 24. Qh2 Qg7 25. Nh3 Nxh3 26. Bxh3 Rf3 27. Rhf1
Bf4 28. Qh1 Rxf1 29. Qxf1 g5 30. Qb5 c6 31. Qc5 Qh7 32. Rh1 e3+ 33. Kb3 d4+ 34.
Ka3 Qc7 35. Qxa7 Bd5 36. Qa8+ Qb8 37. Qxb8+ Bxb8 38. Rd1 e2 39. Re1 d3 0-1